000 00937nam a2200289 a 4500
001 69084
003 BD-RjUL
005 20211209081840.0
008 170409s1985 coua b 001 0 eng
020 _a0813302013 (pbk.)
035 _a(BD-RjUL)69295
040 _aDLC
_cDLC
_dOCL
_dNBU
_dm/c
_dMYG
_dBD-RjUL
_beng
041 _aeng
082 _223
_a972.01
_bARC 1985
099 _aF1219.7.A72 1985
245 0 4 _aThe Archaeology of West and Northwest Mesoamerica /
_cedited by Michael S. Foster and Phil C. Weigand.
260 _aBoulder :
_bWestview Press,
_c1985.
300 _axxii, 487 p. :
_bill. ;
_c23 cm.
500 _a"A Westview special study."
500 _aIncludes index.
504 _aBibliography: p. 439-473.
650 0 _aIndians of Mexico
_xAntiquities.
_9204662
_y1519
651 0 _aMexico
_xAntiquities.
_9204663
700 1 _aFoster, Michael S.
_9204664
700 1 _aWeigand, Phil C.
_9204665
942 _2ddc
_cBK
999 _c69084
_d69084